00814nam a2200217 a 4500003000900000005001700009007000300026008004100029040002500070082001400095110001600109245014700125246005900272260004100331300003600372546003700408650005700445650004200502700003600544710001600580DO-SdBNP20220923090917.0ta220922n200? dr ao||gr|||| 00| 0 spa d aDO-SdBNPbspacBNPHU 4222bB891h1 aBrugal & Co10aBrugal:bhistoria y proyección de un grupo empresarial = history and projection of a business group. /cPresentación, George Arzeno Brugal11aBrugal:b history and projection of a business group.  a[Santo Domingo] :b[Brugal],c[200?] a[32] p. :bil., fotogr.c29 cm. aRecurso en español e inglés. 4aBebidas AlcoholicaxHistoriazRepública Dominicana 4aRonySiglo XXzRepública Dominicana aBrugal, George Arzenoepresent.2 aBrugal & Co